<?xml version="1.0" encoding="UTF-8"?><?xml-stylesheet type="text/xsl" href="static/style.xsl"?><OAI-PMH xmlns="http://www.openarchives.org/OAI/2.0/" xmlns:xsi="http://www.w3.org/2001/XMLSchema-instance" xsi:schemaLocation="http://www.openarchives.org/OAI/2.0/ http://www.openarchives.org/OAI/2.0/OAI-PMH.xsd"><responseDate>2026-04-17T11:24:39Z</responseDate><request verb="GetRecord" identifier="oai:www.recercat.cat:2117/184374" metadataPrefix="marc">https://recercat.cat/oai/request</request><GetRecord><record><header><identifier>oai:recercat.cat:2117/184374</identifier><datestamp>2025-07-22T16:18:43Z</datestamp><setSpec>com_2072_1033</setSpec><setSpec>col_2072_452951</setSpec></header><metadata><record xmlns="http://www.loc.gov/MARC21/slim" xmlns:dcterms="http://purl.org/dc/terms/" xmlns:xsi="http://www.w3.org/2001/XMLSchema-instance" xmlns:doc="http://www.lyncode.com/xoai" xsi:schemaLocation="http://www.loc.gov/MARC21/slim http://www.loc.gov/standards/marcxml/schema/MARC21slim.xsd">
   <leader>00925njm 22002777a 4500</leader>
   <datafield ind2=" " ind1=" " tag="042">
      <subfield code="a">dc</subfield>
   </datafield>
   <datafield ind2=" " ind1=" " tag="720">
      <subfield code="a">Massana Cuadras, Anna</subfield>
      <subfield code="e">author</subfield>
   </datafield>
   <datafield ind2=" " ind1=" " tag="260">
      <subfield code="c">2019-06-17</subfield>
   </datafield>
   <datafield ind2=" " ind1=" " tag="520">
      <subfield code="a">INTRODUCCIÓ&#xd;
La dislèxia, segons diferents fonts, és un trastorn significatiu i persistent en l’adquisició de la lectoescriptura, independent de la situació sociocultural, emocional o intel·lectual de l’individu.&#xd;
La visió i l’oïda són les principals entrades sensorials d’informació al nostre cervell, això fa que siguin imprescindibles en l’adquisició de la lectoescriptura. Tenir una bona vista o una bona oïda no garanteix un correcte funcionament de les habilitats visuals o d’escolta, indispensables en el procés de l’aprenentatge. Per adquirir una bona lectoescriptura és necessari, a més a més d’una bona vista, unes bones habilitats de motilitat ocular, acomodatives, binoculars, processament de la informació i integració sensorial. De la mateixa manera cal tenir un bon llindar auditiu i haver adquirit bones habilitats vestibulars, discriminació auditiva, localització de la font sonora i una bona relació inter- hemisfèrica.&#xd;
OBJECTIU&#xd;
Aquest treball té com a objectiu principal avaluar la prevalença de les disfuncions visuals i d’escolta en nens i nenes diagnosticats de dislèxia, comparant-los amb un grup control no diagnosticat. METODOLOGIA&#xd;
Per a aquest estudi, hem seleccionat una mostra de 13 infants diagnosticats de dislèxia i 13 per al grup control, tots ells d’entre 8 i 16 anys. Les avaluacions visuals i d’escolta en el grup dislèctic s’han dut a terme en el Centre Universitari de la Visió (CUV) de Terrassa i al Centre Aïs de Sitges durant els mesos d’octubre de 2018 a gener de 2019. En el Centre Optomètric de Sabadell (COS), Centre Brock de Salut Visual i Edo Òptics s’han recopilat les dades del grup control.&#xd;
RESULTATS&#xd;
Els resultats obtinguts en aquest estudi mostren que els nens/es diagnosticats de dislèxia tendeixen a presentar a nivell visual una agudesa visual reduïda en visió de lluny sense correcció, major dificultat en motilitat ocular, descompensació en la fòria en visió propera, dificultat en el processament de la informació, problemes d’integració viso-motora, d’integració viso-espacial i d’integració viso-auditiva respecte el grup control, cosa que pot esdevenir una de les possibles causes dels seus problemes d’aprenentatge. A nivell auditiu, més dificultats que el grup control en desequilibri vestibular, localització de la font sonora i contradicció en la lateralitat auditiva.&#xd;
LIMITACIONS I PERSPECTIVES&#xd;
Els resultats obtinguts en aquest estudi poden estar condicionats pel nombre de subjectes, les característiques del grup control i com s’ha realitzat el diagnòstic de dislèxia en els participants de l’estudi.&#xd;
Com a proposta futura seria interessant realitzar una segona part de l’estudi en què es valorés els participants després de la realització d’un entrenament visual i/o auditiu.</subfield>
   </datafield>
   <datafield tag="653" ind2=" " ind1=" ">
      <subfield code="a">Àrees temàtiques de la UPC::Ensenyament i aprenentatge</subfield>
   </datafield>
   <datafield tag="653" ind2=" " ind1=" ">
      <subfield code="a">Àrees temàtiques de la UPC::Ciències de la visió::Optometria</subfield>
   </datafield>
   <datafield tag="653" ind2=" " ind1=" ">
      <subfield code="a">Dyslexia</subfield>
   </datafield>
   <datafield tag="653" ind2=" " ind1=" ">
      <subfield code="a">Reading disability</subfield>
   </datafield>
   <datafield tag="653" ind2=" " ind1=" ">
      <subfield code="a">Vision disorders</subfield>
   </datafield>
   <datafield tag="653" ind2=" " ind1=" ">
      <subfield code="a">Dislèxia</subfield>
   </datafield>
   <datafield tag="653" ind2=" " ind1=" ">
      <subfield code="a">Lectura, Dificultats en la</subfield>
   </datafield>
   <datafield tag="653" ind2=" " ind1=" ">
      <subfield code="a">Trastorns de la visió</subfield>
   </datafield>
   <datafield ind2="0" ind1="0" tag="245">
      <subfield code="a">Prevalença de les disfuncions visuals i d’escolta en nens diagnosticats de dislèxia</subfield>
   </datafield>
</record></metadata></record></GetRecord></OAI-PMH>